| 000 | 00632cam a2200217 i 4500 | ||
|---|---|---|---|
| 999 |
_c330161 _d330161 |
||
| 001 | 1807027 | ||
| 003 | NUST | ||
| 005 | 20170612112729.0 | ||
| 008 | 800102s1978 pk 000 0 urdo | ||
| 010 | _a 78931339 | ||
| 020 |
_cRs20.00 _a9694962692 |
||
| 040 |
_aDLC _cDLC _dDLC |
||
| 050 | 0 | 0 |
_aPK2200.F28 _bJ3 |
| 082 |
_a891.4391 _bFAR |
||
| 100 | 1 |
_aFarāz, Aḥmad, _d1931-2008. _92174 |
|
| 245 | 1 | 0 |
_aJānān̲ jānān̲ / _cAḥmad Farāz. |
| 260 |
_aIslamabad : _bDost publications, _c2012 |
||
| 300 |
_a155 p. ; _c22 cm. |
||
| 500 | _aIn Urdu. | ||
| 500 | _aPoems. | ||
| 650 |
_aUrdu Literature- Poems _91989 |
||
| 880 |
_6100-01\(3\r _aاحمد فراز |
||
| 880 |
_6245-02\(3\r _aجاناں جاناں _cاحمد فراز |
||
| 880 |
_6260-03\(3\r _aاسلام آباد: _bدوست پبلی کیشن، _c2012. |
||
| 906 |
_a7 _bcbc _corignew _d4 _encip _f19 _gy-gencatlg |
||
| 942 |
_2ddc _cBK |
||